Aerobic dancing a step at a time / (Record no. 271)

MARC details
000 -LEADER
fixed length control field 00705cam a2200265 a 4500
005 - DATE AND TIME OF LATEST TRANSACTION
control field 20260322212013.0
008 - FIXED-LENGTH DATA ELEMENTS--GENERAL INFORMATION
fixed length control field data
010 ## - LIBRARY OF CONGRESS CONTROL NUMBER
LC control number 81065176
020 ## - INTERNATIONAL STANDARD BOOK NUMBER
International Standard Book Number 0809259591 (pbk.)
020 ## - INTERNATIONAL STANDARD BOOK NUMBER
International Standard Book Number 0809259583
020 ## - INTERNATIONAL STANDARD BOOK NUMBER
International Standard Book Number 9780809259588
020 ## - INTERNATIONAL STANDARD BOOK NUMBER
International Standard Book Number 9780809259595 (pbk.)
040 ## - CATALOGING SOURCE
Original cataloging agency DLC
Transcribing agency DLC
Modifying agency BGU
-- BGU
050 0# - LIBRARY OF CONGRESS CALL NUMBER
Classification number RA781.15
Item number .S28 1981
092 ## - LOCALLY ASSIGNED DEWEY CALL NUMBER (OCLC)
Classification number 613.7 S28 1981
001 - CONTROL NUMBER
control field data
100 1# - MAIN ENTRY--PERSONAL NAME
Personal name Sawyer, Phyllis.
245 10 - TITLE STATEMENT
Title Aerobic dancing a step at a time /
Statement of responsibility, etc. Phyllis Sawyer & Pat Thornton.
260 0# - PUBLICATION, DISTRIBUTION, ETC.
Place of publication, distribution, etc. Chicago :
Name of publisher, distributor, etc. Contemporary Books,
Date of publication, distribution, etc. c1981.
300 ## - PHYSICAL DESCRIPTION
Extent ix, 99 p. :
Other physical details ill. ;
Dimensions 23 cm.
500 ## - GENERAL NOTE
General note Includes index.
650 #0 - SUBJECT ADDED ENTRY--TOPICAL TERM
Topical term or geographic name entry element Aerobic exercises.
650 #0 - SUBJECT ADDED ENTRY--TOPICAL TERM
Topical term or geographic name entry element Dance.
700 1# - ADDED ENTRY--PERSONAL NAME
Personal name Thornton, Pat.
Holdings
Withdrawn status Lost status Damaged status Not for loan Home library Current library Shelving location Date acquired Total checkouts Full call number Barcode Date last seen Price effective from Koha item type
        Midway Midway General stacks 22/03/2026   RA781.15 .S28 1981 BC0010280 22/03/2026 22/03/2026 Books